<?xml version="1.0" encoding="UTF-8"?><?xml-stylesheet type="text/xsl" href="static/style.xsl"?><OAI-PMH xmlns="http://www.openarchives.org/OAI/2.0/" xmlns:xsi="http://www.w3.org/2001/XMLSchema-instance" xsi:schemaLocation="http://www.openarchives.org/OAI/2.0/ http://www.openarchives.org/OAI/2.0/OAI-PMH.xsd"><responseDate>2026-04-13T04:10:33Z</responseDate><request verb="GetRecord" identifier="oai:www.recercat.cat:2072/486551" metadataPrefix="marc">https://recercat.cat/oai/request</request><GetRecord><record><header><identifier>oai:recercat.cat:2072/486551</identifier><datestamp>2025-10-17T18:12:36Z</datestamp><setSpec>com_2072_98</setSpec><setSpec>col_2072_378192</setSpec></header><metadata><record xmlns="http://www.loc.gov/MARC21/slim" xmlns:dcterms="http://purl.org/dc/terms/" xmlns:xsi="http://www.w3.org/2001/XMLSchema-instance" xmlns:doc="http://www.lyncode.com/xoai" xsi:schemaLocation="http://www.loc.gov/MARC21/slim http://www.loc.gov/standards/marcxml/schema/MARC21slim.xsd">
   <leader>00925njm 22002777a 4500</leader>
   <datafield ind2=" " ind1=" " tag="042">
      <subfield code="a">dc</subfield>
   </datafield>
   <datafield ind2=" " ind1=" " tag="720">
      <subfield code="a">Reyes-García, Victoria</subfield>
      <subfield code="e">author</subfield>
   </datafield>
   <datafield ind2=" " ind1=" " tag="720">
      <subfield code="a">McKey, Doyle</subfield>
      <subfield code="e">author</subfield>
   </datafield>
   <datafield ind2=" " ind1=" " tag="260">
      <subfield code="c">2025</subfield>
   </datafield>
   <datafield ind2=" " ind1=" " tag="520">
      <subfield code="a">In recent years, ethnobiology has undergone significant transformation. A renewed research framework has emerged that prioritizes an ethics of care-one that emphasizes relationships, interdependence, and responsibility towards both human and non-human others throughout all stages of research. This paradigm shift, led largely by Indigenous scholars and researchers from the Global South, invites European ethnobiologists to critically reflect on how they can engage with, contribute to, and learn from these evolving approaches in light of pressing environmental and social challenges. In this Perspective, we explore the future of European ethnobiology in two main ways. First, we reflect on the specificities of a European lens within global ethnobiology, considering how European ethnobiologists might participate more meaningfully in transdisciplinary and intercultural dialogues. Second, drawing on core principles of the emerging global paradigm, we outline five key avenues for future development: (1) deepening commitments to an ethics of care; (2) responding more directly to contemporary challenges; (3) expanding research contexts; (4) reimagining methodological approaches; and (5) enhancing the societal relevance and applied impact of European ethnobiologists, both within and beyond Europe. We highlight current examples of European ethnobiologists already advancing these directions and underscore the field's dynamic evolution. We conclude by identifying critical challenges faced by European ethnobiologists, including the need to engage with rapidly evolving digital technologies and to navigate institutional and epistemic barriers that hinder the co-creation of knowledge across diverse worldviews.</subfield>
   </datafield>
   <datafield tag="653" ind2=" " ind1=" ">
      <subfield code="a">Ethnobiology</subfield>
   </datafield>
   <datafield tag="653" ind2=" " ind1=" ">
      <subfield code="a">European Network of Ethnobiologists</subfield>
   </datafield>
   <datafield tag="653" ind2=" " ind1=" ">
      <subfield code="a">Europe</subfield>
   </datafield>
   <datafield ind2="0" ind1="0" tag="245">
      <subfield code="a">Reflections on the future of European ethnobiology</subfield>
   </datafield>
</record></metadata></record></GetRecord></OAI-PMH>